<?xml version="1.0" encoding="UTF-8"?>
<marc:record xmlns:marc="http://www.loc.gov/MARC21/slim">
   <marc:leader>00000nam a2200000 a 4500</marc:leader>
   <marc:datafield ind1="1" ind2=" " tag="100">
      <marc:subfield code="a">Holtfreter, Nastja</marc:subfield>
      <marc:subfield code="4">aut</marc:subfield>
      <marc:subfield code="e">Verfasser/-in</marc:subfield>
   </marc:datafield>
   <marc:datafield ind1="0" ind2="0" tag="245">
      <marc:subfield code="a">Tief im Meer geht's hoch her!</marc:subfield>
   </marc:datafield>
   <marc:datafield ind1="0" ind2="0" tag="245">
      <marc:subfield code="c">Nastja Holtfreter</marc:subfield>
   </marc:datafield>
   <marc:datafield ind1=" " ind2="1" tag="264">
      <marc:subfield code="a">Bamberg</marc:subfield>
      <marc:subfield code="b">Magellan</marc:subfield>
      <marc:subfield code="c">2022</marc:subfield>
   </marc:datafield>
   <marc:datafield ind1=" " ind2=" " tag="250">
      <marc:subfield code="a">1. Auflage</marc:subfield>
   </marc:datafield>
   <marc:datafield ind1="1" ind2=" " tag="520">
      <marc:subfield code="a">Angaben aus der Verlagsmeldung

Tief im Meer geht’s hoch her! / von Nastja Holtfreter

Im Meer ist immer etwas los! Hier leben Fische, Haie, Schildkröten, Krebstiere und Säugetiere wie Wale oder Seelöwen. Doch wer hat das schönste Fell oder die beste Nase, wer von ihnen lebt in einer Schule oder geht in den Kindergarten, und wessen Gesang ist noch Hunderte Kilometer weiter zu hören? Das neue bunte, großformatige Pappbilderbuch von Nastja Holtfreter nimmt kleine Leser mit auf eine spannende Reise in die Tiefen des Meeres und vermittelt auf spielerische Weise erstes Sachwissen über Tiere, die dort zu Hause sind. Ein gelungener Nachfolger von „Unterm Moos ist viel los!“.
</marc:subfield>
   </marc:datafield>
   <marc:datafield ind1=" " ind2=" " tag="020">
      <marc:subfield code="a">9783734815539</marc:subfield>
      <marc:subfield code="9">9783734815539</marc:subfield>
   </marc:datafield>
   <marc:datafield ind1=" " ind2=" " tag="020">
      <marc:subfield code="a">3734815533</marc:subfield>
      <marc:subfield code="9">3734815533</marc:subfield>
   </marc:datafield>
   <marc:datafield ind1=" " ind2=" " tag="041">
      <marc:subfield code="a">ger</marc:subfield>
   </marc:datafield>
   <marc:datafield ind1=" " ind2=" " tag="300">
      <marc:subfield code="a">16 Seiten</marc:subfield>
   </marc:datafield>
</marc:record>
